000 00577nam a2200181Ia 4500
003 OSt
005 20240216102606.0
008 210210b1931 xxu||||| |||| 00| 0 eng d
040 _cAL
041 _aKannada
082 _a852/224
100 _aGURU BASAVAPPA FAKIRAPPA ಗುರು ಬಸವಪ್ಪಾ ಫಕೀರಪ್ಪಾ
_9151695
245 _aNaitika Mattu Bhaktiya Vachanagalu
_bನೈತಿಕ ಮತ್ತು ಭಕ್ತಿಯ ವಚನಗಳು
260 _aMangaluru
_b-
_c1931
690 _aKannada Prose
_9151696
906 _a018792
942 _2ddc
_cBK
999 _c142346
_d142346